Loading...

Fundamentals of fluid mechanics

Bibliografiske detaljer
Hovedforfatter: Sawhney, G S
Format: Printed Book
Udgivet: New Delhi I K International 2011
Udgivelse:2nd ed.
Fag:
LEADER 00502nam a22001577a 4500
020 |a 9789380578859 
082 |a 620.106  |b SAW/F 
100 |a Sawhney, G S 
245 |a Fundamentals of fluid mechanics 
250 |a 2nd ed. 
260 |a New Delhi  |b I K International  |c 2011 
300 |a 757 
650 |a Engineering Physics 
942 |c BK 
999 |c 32936  |d 32936 
952 |0 0  |1 0  |4 0  |6 620_106000000000000_SAWF  |7 0  |8 Stack  |9 34854  |a KUCL  |b KUCL  |c Stack  |d 2015-06-15  |g 395.00  |l 0  |o 620.106 SAW/F  |p 32613  |r 2015-06-15  |w 2015-06-15  |y BK